000 00649nam a2200277Ia 4500
005 20260324144649.0
008 008 260324s9999 xx 000 0 eng d
020 _a9781003575450
037 _aEBOOK
040 _aCRL
040 _beng
040 _cCRL
041 _2eng
041 _aeng
084 _qCRL
100 _aGosta Esping-Andersen
_91220157
245 0 _aStagnation and Renewal in Social Policy
260 _bTaylor and Francis
260 _c1987
365 _a
365 _b170
856 _uhttp://www.taylorfrancis.com/books/9781003575450
942 _cEBOOK
999 _c1827045
_d1827045